Wrestling General Knowledge #1 - Statistics

General Stats
  • This quiz has been taken 605 times
  • The average score is 9 of 15
Answer Stats
Hint Answer % Correct
Who is the majority owner, chairman, and CEO of WWE? Vince McMahon
99%
Who lost the WWF Championship in the Montreal Screwjob at Survivor Series 1997? Bret "the Hitman" Hart
94%
What wrestler was known for carrying a bag containing a live python to the ring? Jake "the Snake" Roberts
92%
Who is the longest-reigning world champion in WWE history, with a reign lasting 2,803 days? Bruno Sammartino
79%
What year did Mick Foley enter the Royal Rumble match 3 times, under different names? 1998
72%
What is the term for the person who is next in line for a chance to compete for a championship? number one contender
71%
Who defeated Harley Race to win the NWA World Heavyweight Championship at the first Starrcade in 1983? Ric Flair
70%
What device, attached to the posts in the corner of a wrestling ring, holds up the ring ropes? turnbuckle
64%
What is the only tag team to have captured the ECW, WWF, and WCW Tag Team Championships? the Dudley Boys
62%
What is the name for when Hulk Hogan pinned Kevin Nash for the WCW Championship after merely tapping him on the chest? Fingerpoke of Doom
51%
Who was the first ever WWWF champion? Buddy Rogers
42%
Who competed in and won the main event match of the first two WrestleManias? Mr. T
40%
How many matches did Goldberg win in WCW before his first loss? 173
26%
What New York City venue hosted several ECW pay-per-view events? Hammerstein Ballroom
23%
What specialty match involved a pack of dogs located between two cages surrounding the wrestling ring? Kennel from Hell
20%
No matching quizzes found
Score Distribution
Percent of People with Each Score
Percentile by Number Answered
Your Score History
You have not taken this quiz